Harry Potter - Schauspieler - Statistiken

Allgemein
  • Dieses Quiz wurde 66 mal gespielt
  • Das Durchschnittsergebnis liegt bei 14 aus 40
Antwortstatistiken
Figur Schauspieler*in % Korrekt
Hermine Granger Emma Watson
100%
Harry Potter Daniel Radcliffe
91%
Ron Weasley Rupert Grint
91%
Severus Snape Alan Rickman
78%
Draco Malfoy Tom Felton
69%
Minerva McGonagall Maggie Smith
63%
Sirius Black Gary Oldman
59%
Lord Voldemort Ralph Fiennes
59%
Bellatrix Lestrange Helena Bonham Carter
54%
Cedric Diggory Robert Pattinson
52%
Rubeus Hagrid Robbie Coltrane
50%
Ginny Weasley Bonnie Wright
46%
Albus Dumbledore (Film 1–2) Richard Harris
43%
Albus Dumbledore (ab Film 3) Michael Gambon
41%
Fred Weasley James Phelps
35%
Lucius Malfoy Jason Isaacs
35%
George Weasley Oliver Phelps
35%
Remus Lupin David Thewlis
31%
Dolores Umbridge Imelda Staunton
30%
Neville Longbottom Matthew Lewis
30%
Sybill Trelawney Emma Thompson
28%
Luna Lovegood Evanna Lynch
28%
Dudley Dursley Harry Melling
22%
Molly Weasley Julie Walters
22%
Gilderoy Lockhart Kenneth Branagh
22%
Petunia Dursley Fiona Shaw
20%
Cho Chang Katie Leung
20%
Alastor „Mad-Eye“ Moody Brendan Gleeson
17%
Horace Slughorn Jim Broadbent
17%
Vernon Dursley Richard Griffiths
17%
Fleur Delacour Clémence Poésy
15%
Argus Filch David Bradley
15%
Arthur Weasley Mark Williams
13%
Nymphadora Tonks Natalia Tena
11%
Peter Pettigrew Timothy Spall
11%
Dobby (Stimme) Toby Jones
6%
Junger Tom Riddle Christian Coulson
4%
Kingsley Shacklebolt George Harris
4%
Amos Diggory Jeff Rawle
4%
Viktor Krum Stanislav Ianevski
2%
Keine übereinstimmenden Quizze gefunden
Verteilung der Resultate
Anzahl Personen mit jedem Resultat
Perzentil nach korrekt beantworteten Fragen
Ihre Resultats-Entwicklung
Sie haben dieses Quiz noch nicht gespielt